Personalizovaný systém detekcie spánku

Saved in:
Bibliographic Details
Main Author: Stradiot, Martin (Author)
Other Authors: Jelemenská, Katarína (Thesis advisor)
Format: Manuscript Book
Language:Slovak
Published: 2021
Subjects:
Online Access:http://is.stuba.sk/zp/portal_zp.pl?podrobnosti=158972
Tags: Add Tag
No Tags, Be the first to tag this record!

MARC

LEADER 00000ntm a22000003a 4500
001 stuzp85727
003 SK-STU
005 20210619212200.1
007 ta
008 150427s2015----xo-----f-mn---000-0-slo-d
040 |a STU  |b slo 
041 0 |a slo 
100 1 |a Stradiot, Martin  |u 070400  |4 aut  |U FIIT Fakulta informatiky a informačných technológií  |T FIIT Ústav počítačového inžinierstva a aplikovanej informatiky  |X 79753  |U I400  |Y 672  |7 79753 
242 0 1 |a Personalized sleep detection system  |y eng 
245 1 0 |a Personalizovaný systém detekcie spánku 
260 |c 2021 
650 4 |a Internet vecí  |2 slo 
650 4 |a Detekcia spánku  |2 slo 
650 4 |a Inteligentná domácnosť  |2 slo 
650 4 |a Internet of things  |2 eng 
650 4 |a Smart home  |2 eng 
650 4 |a Sleep detection  |2 eng 
700 1 |a Jelemenská, Katarína  |u 070400  |k Z1  |4 ths  |U FIIT Fakulta informatiky a informačných technológií  |T FIIT Ústav počítačového inžinierstva a aplikovanej informatiky  |X 1867  |U I400  |Y 672  |7 1867 
856 4 |u http://is.stuba.sk/zp/portal_zp.pl?podrobnosti=158972